Score 0/20 Timer 03:00
2 Plays Today
Movie Number % Correct
The _____ Year Old Virgin40
98%
Apollo _____13
95.3%
_____ Dollar BabyMillion
93.3%
Ocean's _____Eleven
93.3%
______ Angry Men12
88.5%
_____ Weddings and a FuneralFour
88.5%
_____ Flew Over the Cuckoo's NestOne
87.9%
_____ CandlesSixteen
79.3%
_____ Again17
76.9%
___ Degrees of SeparationSix
73.4%
Movie Number % Correct
(_____) Days of Summer500
65.8%
_____ Days Later...28
65.8%
Lock, Stock and _____ Smoking BarrelsTwo
57.6%
_____ SamuraiSeven
48.1%
Plan _____ From Outer Space9
46.5%
_____ Hours127
44.4%
The Number _____23
34.4%
The _____ StepsThirty Nine
23.3%
Anne of the _____ DaysThousand
12.7%
The _____ Blows400
6.8%

Today's Daily Dose

Missing Word
I Hardly Know Her!

Word Ladder
Sentence Ending

Quick Pick
Female Firsts

Get the Picture
Triathlon Sports

Remove Ads.
Support Sporcle.
Get the best of Sporcle when you Go Orange. This ad-free experience offers more features, more stats, and more fun while also helping to support Sporcle. Thank you for becoming a member.

You're not logged in!

Compare scores with friends on all Sporcle quizzes.
OR
Log In

Show Comments

Extras

Top Quizzes Today


Score Distribution

Your Account Isn't Verified!

In order to create a playlist on Sporcle, you need to verify the email address you used during registration. Go to your Sporcle Settings to finish the process.

Report this User

Report this user for behavior that violates our Community Guidelines.

Details: